| 000 | 00531nam a22001697a 4500 | ||
|---|---|---|---|
| 999 |
_c16787 _d16787 |
||
| 003 | AR-CdUCM | ||
| 008 | 190506b ||||| |||| 00| 0 spa d | ||
| 040 |
_aMUNICIPALIDAD PROVINCIAL DEL CUSCO _cBIBLIOTECA MUNICIPAL DEL CUSCO |
||
| 082 |
_a869.914 / _bA83 |
||
| 100 |
_aAsturias, Miguel Angel _92136 |
||
| 245 | _aTeatro / | ||
| 260 |
_aBuenos Aires : _bLosada, _c1964. |
||
| 300 |
_a249 páginas ; _c20 cm. |
||
| 505 | _aChantaje -- dique seco -- Soluna -- La audiencia de los confines... | ||
| 942 |
_2ddc _cLIBROS |
||
| 945 | _awfj | ||